Estremi orienti : due reportage /
Gorde:
| Egile nagusia: | |
|---|---|
| Beste egile batzuk: | |
| Formatua: | Liburua |
| Hizkuntza: | italiera |
| Argitaratua: |
Torino :
Einaudi,
\1998!
|
| Saila: | I coralli ;
83 |
| Gaiak: | |
| Etiketak: |
Etiketarik gabe, Izan zaitez lehena erregistro honi etiketa jartzen!
|
MARC
| LEADER | 00000nam a2200000 i 4500 | ||
|---|---|---|---|
| 001 | IT\ICCU\TO0\0603624 | ||
| 003 | ItRI | ||
| 005 | 20260115231853.0 | ||
| 008 | 980310s1998 it |||||| ||||| |||||c | ||
| 015 | |2 IT |a 98-13640 | ||
| 020 | |a 8806147579 | ||
| 040 | |b ita |c importazione bologna sebina | ||
| 041 | 7 | |a ita |2 ISO-639-2 | |
| 082 | |a 959.604 |9 STORIA GENERALE DELL'ASIA ORIENTE ESTREMO ORIENTE. Cambogia. 1949- |2 20 | ||
| 100 | 1 | |a Ghosh, Amitav |0 IT\ICCU\CFIV\053683 |4 aut | |
| 245 | 1 | 0 | |a Estremi orienti : |b due reportage / |c Amitav Ghosh ; a cura di Anna Nadotti. |
| 260 | |a Torino : |b Einaudi, |c \1998! | ||
| 300 | |a 147 p. ; |c 22 cm | ||
| 500 | |a Contiene, in trad. italiana: Dancing in Cambodia, Burma. | ||
| 650 | 7 | |a Birmania |x 1996 |2 scbi | |
| 650 | 7 | |a Cambogia |x 1993 |2 scbi | |
| 700 | 1 | |a Nadotti, Anna |0 IT\ICCU\CFIV\110748 | |
| 830 | 2 | |a I coralli ; |v 83 |0 IT\ICCU\LO1\0321890 | |
| 942 | |2 ddc |c BK |n 0 | ||
| 952 | |0 0 |1 0 |4 0 |6 DOC_959_604000000000000_GHO |7 0 |9 14821 |a BO |b BO |d 2026-01-15 |i 11112 |l 0 |o DOC 959.604 GHO |p BO11112 |r 2026-01-15 23:18:53 |w 2026-01-15 |x [Sebina 5] [1 v.] |y BK |z 1 v. | ||
| 999 | |c 12774 |d 12774 | ||